[Event "European Women's Championship"]
[Site "Vysoke Tatry"]
[Date "2018.04.13"]
[Round "6"]
[White "Trisha Kanyamarala"]
[Black "Nadzamova, Viktoria"]
[Result "1-0"]
[Board "72"]
[WhiteElo "2031"]
[WhiteCountry "IRL"]
[WhiteFideId "45004722"]
[WhiteEloChange "4"]
[BlackElo "1766"]
[BlackTitle "WCM"]
[BlackCountry "SVK"]
[BlackFideId "14943999"]
[BlackEloChange "-4"]

1. Nf3 {[%clk 1:30:47]} c5 {[%clk 1:30:52]} 2. c4 {[%clk 1:30:48]} Nf6 {[%clk
1:31:05]} 3. Nc3 {[%clk 1:30:09]} e6 {[%clk 1:30:54]} 4. g3 {[%clk 1:27:47]} Nc6
{[%clk 1:28:09]} 5. Bg2 {[%clk 1:26:42]} Be7 {[%clk 1:25:50]} 6. O-O {[%clk
1:24:43]} d5 {[%clk 1:24:08]} 7. cxd5 {[%clk 1:24:38]} exd5 {[%clk 1:24:09]} 8.
d4 {[%clk 1:24:45]} O-O {[%clk 0:47:07]} 9. b3 {[%clk 1:15:58]} Ne4 {[%clk
0:40:54]} 10. Bb2 {[%clk 1:12:51]} Bf6 {[%clk 0:33:48]} 11. Na4 {[%clk 1:03:44]}
b5 {[%clk 0:27:25]} 12. Nxc5 {[%clk 0:55:45]} Nxc5 {[%clk 0:26:29]} 13. Rc1
{[%clk 0:56:03]} Nxd4 {[%clk 0:12:32]} 14. Nxd4 {[%clk 0:52:17]} Ne4 {[%clk
0:09:46]} 15. Nc6 {[%clk 0:48:47]} Qd7 {[%clk 0:08:46]} 16. Bxf6 {[%clk 0:47:15]}
Nxf6 {[%clk 0:08:37]} 17. Bxd5 {[%clk 0:44:25]} Nxd5 {[%clk 0:05:22]} 18. Qxd5
{[%clk 0:44:45]} Qxd5 {[%clk 0:04:13]} 19. Ne7+ {[%clk 0:45:07]} Kh8 {[%clk
0:04:36]} 20. Nxd5 {[%clk 0:45:28]} a6 {[%clk 0:03:55]} 21. Nb6 {[%clk 0:40:15]}
Rb8 {[%clk 0:03:52]} 22. Nxc8 {[%clk 0:40:33]} Rbxc8 {[%clk 0:04:15]} 23. Rxc8
{[%clk 0:39:56]} Rxc8 {[%clk 0:04:39]} 24. Rd1 {[%clk 0:40:13]} g6 {[%clk
0:04:28]} 25. Rd6 {[%clk 0:39:47]} Rc2 {[%clk 0:01:01]} 26. Rxa6 {[%clk 0:39:53]}
Rxe2 {[%clk 0:01:20]} 27. a3 {[%clk 0:35:26]} Ra2 {[%clk 0:00:47]} 28. a4 {[%clk
0:23:21]} bxa4 {[%clk 0:00:35]} 29. Rxa4 {[%clk 0:23:44]} Rb2 {[%clk 0:01:00]}
30. Rb4 {[%clk 0:24:08]} Kg7 {[%clk 0:01:17]} 31. Rb6 {[%clk 0:23:56]} Kf8 {[%clk
0:01:16]} 32. Rb7 {[%clk 0:24:07]} Kg7 {[%clk 0:01:29]} 33. b4 {[%clk 0:23:56]}
Kf6 {[%clk 0:01:37]} 34. b5 {[%clk 0:24:02]} Ke6 {[%clk 0:01:49]} 35. b6 {[%clk
0:24:05]} f5 {[%clk 0:01:34]} 36. Rb8 {[%clk 0:22:24]} Kd6 {[%clk 0:01:08]} 37.
b7 {[%clk 0:21:53]} Kc7 {[%clk 0:01:13]} 38. Rh8 {[%clk 0:22:05]} Kxb7 {[%clk
0:01:36]} 39. Rxh7+ {[%clk 0:22:27]} Ka6 {[%clk 0:01:16]} 40. Rh6 {[%clk
0:51:48]} Rb6 {[%clk 0:31:28]} 41. h4 {[%clk 0:51:08]} Kb7 {[%clk 0:15:07]} 42.
Kg2 {[%clk 0:50:09]} Rc6 {[%clk 0:11:56]} 43. h5 {[%clk 0:47:37]} gxh5 {[%clk
0:10:44]} 44. Rxc6 {[%clk 0:45:17]} Kxc6 {[%clk 0:11:08]} 45. Kf3 {[%clk
0:45:38]} Kd5 {[%clk 0:10:37]} 46. Kf4 {[%clk 0:46:00]} Ke6 {[%clk 0:06:38]} 47.
Kg5 {[%clk 0:46:22]} f4 {[%clk 0:00:48]} 48. gxf4 {[%clk 0:46:29]} h4 {[%clk
0:00:47]} 49. Kxh4 {[%clk 0:46:53]} Kf5 {[%clk 0:01:12]} 50. Kg3 {[%clk 0:47:19]}
1-0

[Event "European Women's Championship"]
[Site "Vysoke Tatry"]
[Date "2018.04.14"]
[Round "7"]
[White "Gunina, Valentina"]
[Black "Muzychuk, Mariya"]
[Result "1-0"]
[Board "1"]
[WhiteElo "2507"]
[WhiteTitle "GM"]
[WhiteCountry "RUS"]
[WhiteFideId "4167570"]
[WhiteEloChange "5"]
[BlackElo "2540"]
[BlackTitle "GM"]
[BlackCountry "UKR"]
[BlackFideId "14114550"]
[BlackEloChange "-5"]

1. e4 {[%clk 1:30:57]} e5 {[%clk 1:30:27]} 2. Nf3 {[%clk 1:31:20]} Nc6 {[%clk
1:30:51]} 3. Bc4 {[%clk 1:31:45]} Bc5 {[%clk 1:31:03]} 4. d3 {[%clk 1:32:10]} Nf6
{[%clk 1:31:10]} 5. Bg5 {[%clk 1:32:24]} h6 {[%clk 1:27:17]} 6. Bh4 {[%clk
1:32:48]} Be7 {[%clk 1:27:01]} 7. c3 {[%clk 1:31:22]} d6 {[%clk 1:26:21]} 8. Nbd2
{[%clk 1:31:17]} Nh5 {[%clk 1:23:20]} 9. Bg3 {[%clk 1:24:11]} Nxg3 {[%clk
1:21:08]} 10. hxg3 {[%clk 1:24:39]} Bf6 {[%clk 1:20:52]} 11. Nf1 {[%clk 1:24:12]}
Ne7 {[%clk 1:20:03]} 12. Ne3 {[%clk 1:23:39]} c6 {[%clk 1:13:26]} 13. Bb3 {[%clk
1:22:36]} d5 {[%clk 1:08:00]} 14. Qe2 {[%clk 1:19:38]} a5 {[%clk 1:00:38]} 15.
O-O {[%clk 1:14:50]} a4 {[%clk 0:59:05]} 16. Bc2 {[%clk 1:15:15]} Be6 {[%clk
0:56:56]} 17. Rad1 {[%clk 1:13:06]} dxe4 {[%clk 0:45:05]} 18. dxe4 {[%clk
1:13:31]} Qb6 {[%clk 0:45:29]} 19. Nc4 {[%clk 1:00:48]} Bxc4 {[%clk 0:41:34]} 20.
Qxc4 {[%clk 1:01:16]} Qxb2 {[%clk 0:39:17]} 21. Bxa4 {[%clk 0:57:07]} b5 {[%clk
0:38:03]} 22. Qd3 {[%clk 0:57:29]} O-O {[%clk 0:36:40]} 23. Bb3 {[%clk 0:57:58]}
Ng6 {[%clk 0:24:28]} 24. Nh2 {[%clk 0:55:42]} Rad8 {[%clk 0:20:01]} 25. Qf3
{[%clk 0:55:11]} Rxd1 {[%clk 0:16:19]} 26. Rxd1 {[%clk 0:55:32]} c5 {[%clk
0:16:46]} 27. Bd5 {[%clk 0:55:09]} c4 {[%clk 0:14:00]} 28. Ng4 {[%clk 0:54:49]}
Bg5 {[%clk 0:14:05]} 29. Qf5 {[%clk 0:50:30]} Qe2 {[%clk 0:13:40]} 30. Rb1 {[%clk
0:47:29]} Ne7 {[%clk 0:12:22]} 31. Qf3 {[%clk 0:47:54]} Qxf3 {[%clk 0:07:13]} 32.
gxf3 {[%clk 0:48:22]} Bd2 {[%clk 0:06:44]} 33. Rxb5 {[%clk 0:47:44]} Nxd5 {[%clk
0:07:00]} 34. exd5 {[%clk 0:47:48]} Bxc3 {[%clk 0:06:45]} 35. Ne3 {[%clk
0:46:21]} Rc8 {[%clk 0:05:19]} 36. d6 {[%clk 0:46:13]} e4 {[%clk 0:01:30]} 37.
fxe4 {[%clk 0:44:13]} Bd2 {[%clk 0:01:57]} 38. Nxc4 {[%clk 0:42:43]} Bg5 {[%clk
0:00:58]} 39. d7 {[%clk 0:42:28]} Rd8 {[%clk 0:01:06]} 40. Rd5 {[%clk 1:12:45]}
Ra8 {[%clk 0:30:50]} 41. Nb6 {[%clk 1:12:27]} Rb8 {[%clk 0:30:17]} 42. Rxg5
{[%clk 1:12:19]} hxg5 {[%clk 0:29:41]} 43. Nc8 {[%clk 1:12:42]} Rb1+ {[%clk
0:29:56]} 44. Kg2 {[%clk 1:13:09]} Rd1 {[%clk 0:30:22]} 45. Ne7+ {[%clk 1:13:36]}
1-0

[Event "European Women's Championship"]
[Site "Vysoke Tatry"]
[Date "2018.04.14"]
[Round "7"]
[White "Danielian, Elina"]
[Black "Dzagnidze, Nana"]
[Result "1/2-1/2"]
[Board "2"]
[WhiteElo "2410"]
[WhiteTitle "GM"]
[WhiteCountry "ARM"]
[WhiteFideId "13300210"]
[WhiteEloChange "1"]
[BlackElo "2507"]
[BlackTitle "GM"]
[BlackCountry "GEO"]
[BlackFideId "13601903"]
[BlackEloChange "-1"]

1. d4 {[%clk 1:30:57]} d5 {[%clk 1:30:55]} 2. c4 {[%clk 1:30:55]} dxc4 {[%clk
1:31:19]} 3. Nf3 {[%clk 1:31:02]} a6 {[%clk 1:31:12]} 4. e3 {[%clk 1:28:03]} Nf6
{[%clk 1:27:29]} 5. Bxc4 {[%clk 1:28:21]} e6 {[%clk 1:27:42]} 6. O-O {[%clk
1:28:25]} c5 {[%clk 1:27:20]} 7. b3 {[%clk 1:15:05]} Nc6 {[%clk 1:23:23]} 8. Bb2
{[%clk 1:15:14]} cxd4 {[%clk 1:17:52]} 9. Nxd4 {[%clk 1:15:40]} Bd7 {[%clk
1:15:36]} 10. Nf3 {[%clk 1:11:57]} Bc5 {[%clk 1:15:36]} 11. Nbd2 {[%clk 1:11:18]}
O-O {[%clk 1:14:13]} 12. Rc1 {[%clk 1:02:10]} Ba7 {[%clk 0:58:15]} 13. Ng5 {[%clk
0:58:31]} Qe7 {[%clk 0:46:25]} 14. Qf3 {[%clk 0:35:00]} e5 {[%clk 0:36:32]} 15.
Nde4 {[%clk 0:31:21]} Nxe4 {[%clk 0:35:38]} 16. Nxe4 {[%clk 0:31:48]} Be6 {[%clk
0:34:47]} 17. Bxe6 {[%clk 0:30:29]} Qxe6 {[%clk 0:35:14]} 18. Ba3 {[%clk
0:30:48]} Rfd8 {[%clk 0:35:11]} 19. g4 {[%clk 0:30:47]} Bb6 {[%clk 0:18:28]} 20.
h3 {[%clk 0:30:33]} Rd5 {[%clk 0:16:34]} 21. Rfd1 {[%clk 0:24:26]} Rad8 {[%clk
0:15:42]} 22. Kg2 {[%clk 0:24:44]} f6 {[%clk 0:13:30]} 23. Rxd5 {[%clk 0:20:47]}
Qxd5 {[%clk 0:07:36]} 24. Rc2 {[%clk 0:21:00]} Qe6 {[%clk 0:06:38]} 25. Qf5
{[%clk 0:09:34]} Qf7 {[%clk 0:06:23]} 26. Qf3 {[%clk 0:05:55]} Qe6 {[%clk
0:06:11]} 27. Rd2 {[%clk 0:05:46]} Rxd2 {[%clk 0:06:38]} 28. Nxd2 {[%clk
0:06:12]} Bd8 {[%clk 0:05:29]} 29. Ne4 {[%clk 0:06:18]} Be7 {[%clk 0:05:16]} 30.
Bxe7 {[%clk 0:04:48]} Qxe7 {[%clk 0:05:44]} 31. Qe2 {[%clk 0:01:32]} g6 {[%clk
0:04:08]} 32. Qc4+ {[%clk 0:01:31]} Kg7 {[%clk 0:04:32]} 33. Nc5 {[%clk 0:01:36]}
h5 {[%clk 0:02:14]} 34. b4 {[%clk 0:00:50]} hxg4 {[%clk 0:02:35]} 35. hxg4 {[%clk
0:01:19]} f5 {[%clk 0:02:20]} 36. a3 {[%clk 0:01:39]} e4 {[%clk 0:01:14]} 37. Qd5
{[%clk 0:01:42]} Qh4 {[%clk 0:01:10]} 38. gxf5 {[%clk 0:01:55]} Qg4+ {[%clk
0:01:35]} 39. Kf1 {[%clk 0:02:14]} gxf5 {[%clk 0:01:39]} 40. Qd7+ {[%clk
0:30:50]} Kh6 {[%clk 0:31:18]} 41. Qd6+ {[%clk 0:30:39]} Kh5 {[%clk 0:28:59]} 42.
Ne6 {[%clk 0:26:29]} Kh4 {[%clk 0:20:57]} 43. Qd7 {[%clk 0:16:22]} f4 {[%clk
0:17:58]} 44. Qh7+ {[%clk 0:14:02]} Qh5 {[%clk 0:18:27]} 45. Qxh5+ {[%clk
0:14:25]} Kxh5 {[%clk 0:18:55]} 46. Nxf4+ {[%clk 0:13:26]} Kg4 {[%clk 0:19:19]}
47. Ne6 {[%clk 0:13:36]} Ne5 {[%clk 0:17:24]} 48. Nc5 {[%clk 0:13:19]} Kf3 {[%clk
0:16:38]} 49. Nxb7 {[%clk 0:06:05]} Nd3 {[%clk 0:16:46]} 50. Nc5 {[%clk 0:06:12]}
Nxf2 {[%clk 0:17:12]} 51. Nxa6 {[%clk 0:03:34]} Nd1 {[%clk 0:17:29]} 52. b5
{[%clk 0:02:10]} Nxe3+ {[%clk 0:17:49]} 53. Kg1 {[%clk 0:01:22]} Nc4 {[%clk
0:14:12]} 54. Nb4 {[%clk 0:01:14]} e3 {[%clk 0:14:30]} 55. Kf1 {[%clk 0:00:59]}
e2+ {[%clk 0:13:40]} 56. Ke1 {[%clk 0:01:27]} Ne3 {[%clk 0:12:20]} 57. Nd3 {[%clk
0:01:46]} Nc2+ {[%clk 0:12:45]} 58. Kd2 {[%clk 0:02:14]} Nxa3 {[%clk 0:13:10]}
59. b6 {[%clk 0:01:09]} Nc4+ {[%clk 0:13:34]} 60. Ke1 {[%clk 0:01:33]} 1/2-1/2

[Event "European Women's Championship"]
[Site "Vysoke Tatry"]
[Date "2018.04.14"]
[Round "7"]
[White "Goryachkina, Aleksandra"]
[Black "Ushenina, Anna"]
[Result "1/2-1/2"]
[Board "3"]
[WhiteElo "2495"]
[WhiteTitle "WGM"]
[WhiteCountry "RUS"]
[WhiteFideId "4147103"]
[WhiteEloChange "-1"]
[BlackElo "2422"]
[BlackTitle "GM"]
[BlackCountry "UKR"]
[BlackFideId "14110911"]
[BlackEloChange "1"]

1. e4 {[%clk 1:30:57]} c6 {[%clk 1:30:52]} 2. d4 {[%clk 1:31:21]} d5 {[%clk
1:31:18]} 3. exd5 {[%clk 1:31:46]} cxd5 {[%clk 1:31:45]} 4. Bd3 {[%clk 1:32:06]}
Nc6 {[%clk 1:30:56]} 5. c3 {[%clk 1:32:19]} Qc7 {[%clk 1:30:53]} 6. h3 {[%clk
1:31:02]} e6 {[%clk 1:26:28]} 7. Nf3 {[%clk 1:31:04]} Bd6 {[%clk 1:26:38]} 8. O-O
{[%clk 1:31:12]} Nge7 {[%clk 1:26:54]} 9. Re1 {[%clk 1:31:17]} a6 {[%clk
1:23:15]} 10. b3 {[%clk 1:24:07]} h6 {[%clk 1:04:23]} 11. Ba3 {[%clk 1:22:43]}
Bxa3 {[%clk 0:56:25]} 12. Nxa3 {[%clk 1:23:02]} Bd7 {[%clk 0:56:23]} 13. Qd2
{[%clk 1:19:56]} O-O {[%clk 0:54:52]} 14. Nc2 {[%clk 1:16:45]} Rfe8 {[%clk
0:47:46]} 15. Rac1 {[%clk 1:10:51]} Rac8 {[%clk 0:44:00]} 16. Ne3 {[%clk
1:07:46]} Qf4 {[%clk 0:38:23]} 17. Bb1 {[%clk 1:03:39]} Rc7 {[%clk 0:31:27]} 18.
Qd3 {[%clk 1:00:01]} Ng6 {[%clk 0:27:34]} 19. Ng4 {[%clk 0:53:51]} f5 {[%clk
0:26:09]} 20. Nge5 {[%clk 0:42:54]} Ncxe5 {[%clk 0:21:59]} 21. dxe5 {[%clk
0:42:26]} Bb5 {[%clk 0:19:39]} 22. Qd1 {[%clk 0:41:18]} Nh4 {[%clk 0:19:40]} 23.
Nd4 {[%clk 0:40:46]} Qg5 {[%clk 0:15:51]} 24. g3 {[%clk 0:40:35]} Ng6 {[%clk
0:14:52]} 25. Kh2 {[%clk 0:38:56]} Bd7 {[%clk 0:12:57]} 26. f4 {[%clk 0:36:45]}
Qe7 {[%clk 0:12:53]} 27. Qf3 {[%clk 0:33:24]} Rf8 {[%clk 0:10:47]} 28. Rg1 {[%clk
0:32:41]} Qf7 {[%clk 0:08:49]} 29. a4 {[%clk 0:28:45]} Kh8 {[%clk 0:07:24]} 30.
Bd3 {[%clk 0:26:06]} Rfc8 {[%clk 0:06:23]} 31. Be2 {[%clk 0:25:55]} Ne7 {[%clk
0:06:17]} 32. Qe3 {[%clk 0:24:05]} Nc6 {[%clk 0:06:26]} 33. g4 {[%clk 0:16:07]}
Nxd4 {[%clk 0:06:46]} 34. cxd4 {[%clk 0:13:55]} Rxc1 {[%clk 0:05:00]} 35. Rxc1
{[%clk 0:14:17]} Rxc1 {[%clk 0:05:23]} 36. Qxc1 {[%clk 0:14:42]} fxg4 {[%clk
0:05:22]} 37. hxg4 {[%clk 0:13:18]} g5 {[%clk 0:05:06]} 38. Kg3 {[%clk 0:12:15]}
Qxf4+ {[%clk 0:04:35]} 39. Qxf4 {[%clk 0:12:39]} gxf4+ {[%clk 0:05:02]} 40. Kxf4
{[%clk 0:42:36]} a5 {[%clk 0:34:44]} 1/2-1/2

[Event "European Women's Championship"]
[Site "Vysoke Tatry"]
[Date "2018.04.14"]
[Round "7"]
[White "Stefanova, Antoaneta"]
[Black "Badelka, Olga"]
[Result "1-0"]
[Board "4"]
[WhiteElo "2479"]
[WhiteTitle "GM"]
[WhiteCountry "FID"]
[WhiteFideId "2902257"]
[WhiteEloChange "4"]
[BlackElo "2375"]
[BlackTitle "WIM"]
[BlackCountry "BLR"]
[BlackFideId "13509926"]
[BlackEloChange "-7"]

1. d4 {[%clk 1:30:28]} Nf6 {[%clk 1:30:55]} 2. c4 {[%clk 1:30:29]} e6 {[%clk
1:31:14]} 3. Nf3 {[%clk 1:27:55]} b6 {[%clk 1:31:37]} 4. e3 {[%clk 1:21:45]} Bb7
{[%clk 1:32:01]} 5. Bd3 {[%clk 1:18:14]} d5 {[%clk 1:32:21]} 6. O-O {[%clk
1:17:42]} Bd6 {[%clk 1:30:10]} 7. b3 {[%clk 1:16:07]} O-O {[%clk 1:29:47]} 8. Bb2
{[%clk 1:13:58]} Nbd7 {[%clk 1:26:37]} 9. Nc3 {[%clk 1:08:47]} a6 {[%clk
1:26:55]} 10. a4 {[%clk 1:06:36]} Qe7 {[%clk 1:20:26]} 11. a5 {[%clk 1:05:04]}
dxc4 {[%clk 1:19:16]} 12. bxc4 {[%clk 1:04:48]} e5 {[%clk 1:19:33]} 13. Bc2
{[%clk 0:58:49]} Rfe8 {[%clk 1:13:57]} 14. h3 {[%clk 0:36:42]} Rad8 {[%clk
1:08:44]} 15. Ba4 {[%clk 0:30:13]} Qe6 {[%clk 0:57:34]} 16. Nd2 {[%clk 0:16:11]}
exd4 {[%clk 0:51:38]} 17. exd4 {[%clk 0:16:36]} Qf5 {[%clk 0:51:42]} 18. d5
{[%clk 0:13:16]} Qf4 {[%clk 0:45:16]} 19. g3 {[%clk 0:13:28]} Qh6 {[%clk
0:44:24]} 20. h4 {[%clk 0:13:08]} g5 {[%clk 0:12:57]} 21. Nf3 {[%clk 0:12:11]}
gxh4 {[%clk 0:13:04]} 22. Nxh4 {[%clk 0:11:09]} Re5 {[%clk 0:11:05]} 23. Qf3
{[%clk 0:08:49]} Nc5 {[%clk 0:11:09]} 24. Bc1 {[%clk 0:06:06]} Qg7 {[%clk
0:08:56]} 25. Nf5 {[%clk 0:06:18]} Rxf5 {[%clk 0:09:09]} 26. Qxf5 {[%clk
0:06:43]} h6 {[%clk 0:09:33]} 27. axb6 {[%clk 0:04:08]} cxb6 {[%clk 0:10:00]} 28.
Bb2 {[%clk 0:02:17]} Bc8 {[%clk 0:10:20]} 29. Qf3 {[%clk 0:02:26]} Bg4 {[%clk
0:10:33]} 30. Qe3 {[%clk 0:01:47]} Qg6 {[%clk 0:10:26]} 31. Bc6 {[%clk 0:01:31]}
Nd3 {[%clk 0:06:31]} 32. Ba3 {[%clk 0:01:18]} Be5 {[%clk 0:03:32]} 33. Be7 {[%clk
0:01:32]} Bxc3 {[%clk 0:01:32]} 34. Bxd8 {[%clk 0:01:54]} Ne5 {[%clk 0:01:19]}
35. Qxc3 {[%clk 0:01:35]} Qh5 {[%clk 0:00:39]} 36. f4 {[%clk 0:00:42]} Bf3 {[%clk
0:00:56]} 37. Qxe5 {[%clk 0:00:43]} Ng4 {[%clk 0:00:32]} 38. Qxh5 {[%clk
0:00:59]} 1-0

[Event "European Women's Championship"]
[Site "Vysoke Tatry"]
[Date "2018.04.14"]
[Round "7"]
[White "Ziaziulkina, Nastassia"]
[Black "Paehtz, Elisabeth"]
[Result "1/2-1/2"]
[Board "5"]
[WhiteElo "2363"]
[WhiteTitle "IM"]
[WhiteCountry "BLR"]
[WhiteFideId "13505211"]
[WhiteEloChange "3"]
[BlackElo "2468"]
[BlackTitle "IM"]
[BlackCountry "GER"]
[BlackFideId "4641833"]
[BlackEloChange "-1"]

1. e4 {[%clk 1:30:55]} e5 {[%clk 1:30:57]} 2. Nf3 {[%clk 1:30:57]} Nc6 {[%clk
1:31:24]} 3. d4 {[%clk 1:30:14]} exd4 {[%clk 1:31:50]} 4. Nxd4 {[%clk 1:30:39]}
Nf6 {[%clk 1:32:17]} 5. Nxc6 {[%clk 1:30:51]} bxc6 {[%clk 1:32:43]} 6. e5 {[%clk
1:30:47]} Qe7 {[%clk 1:33:04]} 7. Qe2 {[%clk 1:31:07]} Nd5 {[%clk 1:33:30]} 8. c4
{[%clk 1:31:00]} Nb6 {[%clk 1:33:57]} 9. Nc3 {[%clk 1:29:54]} Ba6 {[%clk
1:34:13]} 10. b3 {[%clk 1:29:31]} O-O-O {[%clk 1:34:35]} 11. Bb2 {[%clk 1:25:09]}
Re8 {[%clk 1:34:59]} 12. f4 {[%clk 1:22:47]} f6 {[%clk 1:35:25]} 13. O-O-O {[%clk
1:22:47]} fxe5 {[%clk 1:35:51]} 14. fxe5 {[%clk 1:21:51]} Qxe5 {[%clk 1:36:12]}
15. Qxe5 {[%clk 1:19:02]} Rxe5 {[%clk 1:36:38]} 16. a4 {[%clk 1:18:27]} Rg5
{[%clk 1:18:41]} 17. h4 {[%clk 1:12:48]} Rg3 {[%clk 1:10:19]} 18. a5 {[%clk
1:08:35]} Na8 {[%clk 1:10:33]} 19. Kc2 {[%clk 1:06:59]} d5 {[%clk 1:08:48]} 20.
Ne2 {[%clk 0:57:40]} Rg4 {[%clk 1:08:22]} 21. g3 {[%clk 0:57:29]} dxc4 {[%clk
0:29:02]} 22. Bh3 {[%clk 0:28:43]} cxb3+ {[%clk 0:29:28]} 23. Kc1 {[%clk
0:25:43]} Bxe2 {[%clk 0:29:49]} 24. Rd2 {[%clk 0:25:57]} Kb7 {[%clk 0:23:08]} 25.
Bxg4 {[%clk 0:26:22]} Bxg4 {[%clk 0:23:34]} 26. Rd8 {[%clk 0:26:48]} Be2 {[%clk
0:21:25]} 27. Re8 {[%clk 0:23:07]} Bb5 {[%clk 0:19:53]} 28. Rd1 {[%clk 0:21:02]}
c5 {[%clk 0:19:50]} 29. Red8 {[%clk 0:18:03]} Rg8 {[%clk 0:13:19]} 30. Re1 {[%clk
0:14:46]} g6 {[%clk 0:08:56]} 31. Kb1 {[%clk 0:13:48]} h5 {[%clk 0:07:03]} 32.
Re6 {[%clk 0:09:13]} c4 {[%clk 0:02:25]} 33. Rf6 {[%clk 0:05:24]} c3 {[%clk
0:01:51]} 34. Bxc3 {[%clk 0:05:51]} Bb4 {[%clk 0:02:18]} 35. Rxg8 {[%clk
0:05:31]} Bxc3 {[%clk 0:02:44]} 36. Rf3 {[%clk 0:05:55]} Bxa5 {[%clk 0:00:45]}
37. Rxb3 {[%clk 0:05:40]} a6 {[%clk 0:01:11]} 38. Rxg6 {[%clk 0:05:36]} Bd2
{[%clk 0:00:51]} 39. Kc2 {[%clk 0:01:57]} Be1 {[%clk 0:01:15]} 40. Kd1 {[%clk
0:30:38]} Bf2 {[%clk 0:31:31]} 41. Rg5 {[%clk 0:24:58]} Nb6 {[%clk 0:25:17]} 42.
Rf3 {[%clk 0:23:54]} Bd4 {[%clk 0:25:32]} 43. Rxh5 {[%clk 0:23:45]} Ba4+ {[%clk
0:24:40]} 44. Ke2 {[%clk 0:22:51]} Bb5+ {[%clk 0:24:51]} 45. Ke1 {[%clk 0:22:56]}
Nd7 {[%clk 0:21:54]} 46. Rg5 {[%clk 0:19:01]} Ne5 {[%clk 0:19:49]} 47. Rff5
{[%clk 0:19:16]} Nd3+ {[%clk 0:20:15]} 48. Kd2 {[%clk 0:19:20]} Nf2 {[%clk
0:20:40]} 49. Rxb5+ {[%clk 0:14:06]} axb5 {[%clk 0:21:06]} 50. Rxb5+ {[%clk
0:14:34]} Kc6 {[%clk 0:21:22]} 51. Rf5 {[%clk 0:12:49]} 1/2-1/2

[Event "European Women's Championship"]
[Site "Vysoke Tatry"]
[Date "2018.04.14"]
[Round "7"]
[White "Osmak, Iulija"]
[Black "Bulmaga, Irina"]
[Result "0-1"]
[Board "6"]
[WhiteElo "2361"]
[WhiteTitle "IM"]
[WhiteCountry "UKR"]
[WhiteFideId "14101602"]
[WhiteEloChange "-8"]
[BlackElo "2414"]
[BlackTitle "IM"]
[BlackCountry "ROU"]
[BlackFideId "13903063"]
[BlackEloChange "4"]

1. d4 {[%clk 1:28:25]} Nf6 {[%clk 1:30:51]} 2. c4 {[%clk 1:28:36]} e6 {[%clk
1:31:14]} 3. Nc3 {[%clk 1:29:02]} Bb4 {[%clk 1:31:36]} 4. a3 {[%clk 1:29:30]}
Bxc3+ {[%clk 1:31:49]} 5. bxc3 {[%clk 1:29:46]} O-O {[%clk 1:31:55]} 6. f3 {[%clk
1:30:04]} d5 {[%clk 1:32:02]} 7. cxd5 {[%clk 1:30:22]} exd5 {[%clk 1:32:24]} 8.
e3 {[%clk 1:30:40]} Bf5 {[%clk 1:32:24]} 9. Ne2 {[%clk 1:27:13]} Nc6 {[%clk
1:30:00]} 10. Ng3 {[%clk 1:27:18]} Bg6 {[%clk 1:29:41]} 11. Bd3 {[%clk 1:27:31]}
Na5 {[%clk 1:28:42]} 12. O-O {[%clk 1:26:55]} c5 {[%clk 1:28:15]} 13. Bxg6 {[%clk
1:21:30]} hxg6 {[%clk 1:27:33]} 14. e4 {[%clk 1:19:12]} dxe4 {[%clk 1:26:00]} 15.
fxe4 {[%clk 1:19:25]} cxd4 {[%clk 1:24:59]} 16. cxd4 {[%clk 1:19:43]} Nc4 {[%clk
1:24:25]} 17. Bg5 {[%clk 1:06:32]} Rc8 {[%clk 1:20:33]} 18. Kh1 {[%clk 1:00:00]}
Re8 {[%clk 1:06:16]} 19. Qd3 {[%clk 0:50:08]} Qd6 {[%clk 0:52:42]} 20. Rab1
{[%clk 0:36:26]} b6 {[%clk 0:34:15]} 21. Rb4 {[%clk 0:34:07]} Qc6 {[%clk
0:23:44]} 22. Qf3 {[%clk 0:27:19]} Rc7 {[%clk 0:19:01]} 23. Bf4 {[%clk 0:19:48]}
Rd7 {[%clk 0:17:56]} 24. d5 {[%clk 0:14:55]} Qc5 {[%clk 0:17:52]} 25. Rc1 {[%clk
0:11:20]} b5 {[%clk 0:17:30]} 26. Rb3 {[%clk 0:10:48]} a6 {[%clk 0:15:42]} 27.
Rd3 {[%clk 0:07:48]} Qe7 {[%clk 0:13:55]} 28. d6 {[%clk 0:04:52]} Qe6 {[%clk
0:14:23]} 29. Rd4 {[%clk 0:04:31]} Ne5 {[%clk 0:09:00]} 30. Bxe5 {[%clk 0:04:05]}
Qxe5 {[%clk 0:09:25]} 31. Qd1 {[%clk 0:02:33]} Red8 {[%clk 0:04:54]} 32. Rc6
{[%clk 0:02:53]} Ne8 {[%clk 0:05:11]} 33. Rxa6 {[%clk 0:01:17]} Rxd6 {[%clk
0:00:58]} 34. Raxd6 {[%clk 0:01:37]} Rxd6 {[%clk 0:01:23]} 35. Ne2 {[%clk
0:00:55]} Qxe4 {[%clk 0:01:08]} 36. Rxd6 {[%clk 0:00:58]} Nxd6 {[%clk 0:01:35]}
37. Qxd6 {[%clk 0:00:55]} Qxe2 {[%clk 0:01:59]} 38. h3 {[%clk 0:00:52]} f6 {[%clk
0:01:58]} 39. Qb4 {[%clk 0:00:33]} g5 {[%clk 0:01:40]} 40. Kh2 {[%clk 0:30:42]}
Qe5+ {[%clk 0:30:54]} 41. Kg1 {[%clk 0:30:41]} Qe3+ {[%clk 0:29:49]} 42. Kf1
{[%clk 0:29:57]} Qf4+ {[%clk 0:27:59]} 43. Qxf4 {[%clk 0:25:37]} gxf4 {[%clk
0:27:30]} 44. Ke2 {[%clk 0:22:34]} Kf7 {[%clk 0:22:33]} 45. Kd3 {[%clk 0:22:51]}
g5 {[%clk 0:19:28]} 46. Kd4 {[%clk 0:22:40]} Ke6 {[%clk 0:19:14]} 47. Kc5 {[%clk
0:22:47]} f5 {[%clk 0:19:20]} 48. Kxb5 {[%clk 0:22:02]} g4 {[%clk 0:19:43]} 49.
hxg4 {[%clk 0:22:22]} fxg4 {[%clk 0:20:07]} 50. Kc4 {[%clk 0:22:45]} f3 {[%clk
0:20:22]} 51. gxf3 {[%clk 0:23:12]} g3 {[%clk 0:20:48]} 0-1